Gandhi

Gardado en:
Detalles Bibliográficos
Autor Principal: Akinyemi, Rowena (Author)
Formato: Libro
Idioma:inglés
Publicado: Londres Oxford University Press 2008
Edición:1a. ed
Series:Oxford Bookworms, 4
Subjects:
Tags: Engadir etiqueta
Sen Etiquetas, Sexa o primeiro en etiquetar este rexistro!

MARC

LEADER 00000nam a2200000 a 4500
001 UCG5602
003 CL-VaPUC
008 110310e20080000UK |||||||||||||||||eng|d
020 |a 9780194237802 
082 0 4 |a 820  |b AKI  |2 21 
100 0 |a Akinyemi, Rowena  |e author  |9 555278 
245 1 0 |a Gandhi 
250 |a 1a. ed 
300 |a 88 p 
942 |c BK 
945 |d 20110310 00:00:00  |a jcampos 
260 |a Londres  |b Oxford University Press  |c 2008 
600 0 7 |a GANDHI, MAHATMA  |2 CL-VaPUC  |9 319053 
650 0 |a Literatura inglesa  |9 312907 
650 0 |a Biografías  |9 255210 
583 |a last modification  |c 20110310 00:00:00  |k Rodrigo Vera 
490 0 |a Oxford Bookworms, 4 
999 |c 344015  |d 344013 
952 |0 0  |1 0  |4 0  |6 820_000000000000000_AKI_2008  |7 0  |8 A  |9 441773  |a BIBEDU  |b BIBEDU  |d 2019-11-22  |i 4753194  |o 820 AKI 2008  |p 4753194  |r 2019-11-22  |w 2019-11-22  |y BK  |k LIT